000 01704nam a2200385 c 4500
999 _c152216
_d152216
003 BLK
005 20221208030905.0
008 180410b bul|||||r ||||||| ||bul||
010 _aKNG00158663000
040 _aBLK
041 _aBUL
_cBUL
072 7 _2bullib
_aК
_xКраезнание
080 _aКомунистически партии. Вж и 327.323
_b329.15
_x(497.2)
_z329.15(497.2)
139 _aПросветна политика на някои комуни
_bП 91
245 1 0 _aПросветна политика на някои комуни
_bСборник : Принос към изследване просв. политика на БКП 1912-1923 г.
_cОбрешко Обрешков.
257 _aBGR
260 _bНар. просв.
_c1967
_fВраца : В. Александров
_aСофия
300 _a143 с.
_bс портр.
_c20 см
380 _a3
500 _aИзд. на НИИ по педагогика акад. Т. Самодумов. - Други авт.: П. Тончев, Д. Попов, К. Цонев, В. Цонков. - 2 084 тир.
650 4 _aБКП - история
_9251670
650 4 _aОбразование и просвета - България - история
_9244253
651 4 _aБългария
_9241624
653 _aБКП
653 _aкомуни
653 _aПросвета
653 _aистория
659 _aК
700 _aОбрешков, Обрешко
_eсъавт.
_91445
852 _aЦб 44200
_bЦб
852 _aК 329(497.2)/П 91
856 4 _qpdf
856 4 _qpdf
942 _cKNG
_n0
_s1
944 _aCR
_c26.03.2014
_l26.03.2014 - от С1,Р / 26.03.2014
_kВаля_Йорданова
944 _aED
_c26.03.2014
_l26.03.2014 - от С1,Р / 26.03.2014
944 _aED
_c2022-06-11
999 _d152216
999 _d152216
999 _d152216